| 000 | 00485nam a22001577a 4500 | ||
|---|---|---|---|
| 999 |
_c16932 _d16932 |
||
| 008 | 180707b xxu||||| |||| 00| 0 eng d | ||
| 020 | _a0071104326 | ||
| 040 |
_aKABU _cKABU |
||
| 050 |
_aQA76.73 _b.C44 2010 c. 1 |
||
| 100 | _aCheng, Harry H. | ||
| 245 |
_aC for engineers and scientists _ban interpretive approach |
||
| 260 |
_aNew York _bMcGraw-Hill Higher Education _c2010 |
||
| 300 | _axvi, 911 p. | ||
| 650 | _aC (computer program language) | ||
| 942 |
_2lcc _cBK _hQA76.73 |
||